[Event "Vaujany op 10th"]
[Site "Vaujany"]
[Date "2019.07.14"]
[Round "4"]
[White "Joie, Sebastien"]
[Black "Sundararajan, Kidambi"]
[Result "1-0"]
[WhiteElo "2402"]
[BlackElo "2413"]
[PlyCount "73"]
[EventDate "2019.07.11"]
[EventType "swiss"]
[EventRounds "9"]
[EventCountry "FRA"]
[SourceTitle "EXT 2020"]
[Source "ChessBase"]
[SourceDate "2019.10.17"]
[SourceVersion "1"]
[SourceVersionDate "2019.10.17"]
[SourceQuality "1"]

1. d4 Nf6 2. c4 c5 3. d5 g6 4. Nc3 Bg7 5. e4 d6 6. Bd3 0-0 7. h3 e6 8. Nf3 Na6 9. 0-0 e5 10. Bg5 h6 11. Be3 Nh5 12. Qd2 g5 13. Nh2 Nf4 14. Bc2 Qf6 15. Ng4 Qg6 16. f3 h5 17. Nf2 Bh6 18. Bd1 Nc7 19. Kh2 f5 20. exf5 Bxf5 21. g4 Bd7 22. Bc2 Qf7 23. Nfe4 Ne8 24. Ng3 Ng7 25. Rae1 Qe7 26. Bb1 Be8 27. Nf5 Nxf5 28. Bxf5 Bd7 29. Bxf4 gxf4 30. Bxd7 Qxd7 31. Rg1 Kh8 32. Ne4 hxg4 33. Rxg4 Qe7 34. Reg1 Rg8 35. Qg2 Rxg4 36. Qxg4 Rd8 37. Qh5 1-0

[Event "Vaujany op 10th"]
[Site "Vaujany"]
[Date "2019.07.12"]
[Round "2"]
[White "Bressy, Theo"]
[Black "Sundararajan, Kidambi"]
[Result "0-1"]
[WhiteElo "2182"]
[BlackElo "2413"]
[PlyCount "66"]
[EventDate "2019.07.11"]
[EventType "swiss"]
[EventRounds "9"]
[EventCountry "FRA"]
[SourceTitle "EXT 2020"]
[Source "ChessBase"]
[SourceDate "2019.10.17"]
[SourceVersion "1"]
[SourceVersionDate "2019.10.17"]
[SourceQuality "1"]

1. e4 e5 2. Nf3 d6 3. d4 exd4 4. Nxd4 Nf6 5. Nc3 Be7 6. Be2 0-0 7. 0-0 Re8 8. f4 Bf8 9. Bf3 c6 10. a4 a5 11. g4 Na6 12. g5 Nd7 13. Bg2 Ndc5 14. f5 Nb4 15. Qh5 g6 16. Qf3 Bg7 17. f6 Bf8 18. Rf2 d5 19. exd5 Re1+ 20. Rf1 Rxf1+ 21. Kxf1 cxd5 22. Nxd5 Ne6 23. Nxe6 Bxe6 24. Nxb4 axb4 25. Be3 Ra5 26. Kg1 Qc8 27. Rc1 Re5 28. Bf4 Bd5 29. Qg3 Qc5+ 30. Kh1 Re2 31. Bxd5 Qxd5+ 32. Kg1 Bc5+ 33. Kf1 Re8 0-1

[Event "Sharjah Masters 3rd"]
[Site "Sharjah"]
[Date "2019.03.27"]
[Round "6"]
[White "Sundararajan, Kidambi"]
[Black "Abdurakhmanov, Mukhmmadali"]
[Result "1-0"]
[WhiteElo "2413"]
[BlackElo "2205"]
[PlyCount "59"]
[EventDate "2019.03.22"]
[EventType "swiss"]
[EventRounds "9"]
[EventCountry "UAE"]
[SourceTitle "CBM 189 Extra"]
[Source "ChessBase"]
[SourceDate "2019.06.03"]
[SourceVersion "1"]
[SourceVersionDate "2019.06.03"]
[SourceQuality "1"]

1. d4 Nf6 2. c4 e6 3. Nc3 Bb4 4. e3 c5 5. Bd3 d5 6. cxd5 Nxd5 7. Bd2 cxd4 8. exd4 Nc6 9. Nf3 Be7 10. 0-0 0-0 11. Qe2 Nf6 12. Ne4 Nxe4 13. Qxe4 f5 14. Qe2 Bf6 15. Bc4 Nxd4 16. Nxd4 Qxd4 17. Bb4 b5 18. Bxf8 bxc4 19. Bb4 Qd3 20. Rfe1 Rb8 21. Bc3 Qxe2 22. Rxe2 Bxc3 23. bxc3 Rb6 24. Ree1 Kf7 25. Rab1 Ra6 26. Rb8 Bd7 27. Rb7 Ke8 28. Rd1 Bc6 29. Rxg7 Rxa2 30. h4 1-0

[Event "Sharjah Masters 3rd"]
[Site "Sharjah"]
[Date "2019.03.24"]
[Round "3"]
[White "Firouzja, Alireza"]
[Black "Sundararajan, Kidambi"]
[Result "1-0"]
[WhiteElo "2657"]
[BlackElo "2413"]
[PlyCount "109"]
[EventDate "2019.03.22"]
[EventType "swiss"]
[EventRounds "9"]
[EventCountry "UAE"]
[SourceTitle "CBM 189 Extra"]
[Source "ChessBase"]
[SourceDate "2019.06.03"]
[SourceVersion "1"]
[SourceVersionDate "2019.06.03"]
[SourceQuality "1"]

1. e4 e5 2. Nf3 Nc6 3. Bb5 a6 4. Ba4 Nf6 5. 0-0 Be7 6. Re1 b5 7. Bb3 d6 8. c3 0-0 9. h3 Na5 10. Bc2 c5 11. d4 Qc7 12. Nbd2 Bd7 13. Nf1 Nc4 14. b3 Nb6 15. a4 bxa4 16. bxa4 Rfe8 17. Ne3 a5 18. Rb1 Bf8 19. dxe5 dxe5 20. c4 Bc6 21. Nd5 Bxd5 22. cxd5 Nfd7 23. Bd2 Nc4 24. Bd3 Na3 25. Rc1 c4 26. Bf1 Rab8 27. Bc3 Nc5 28. Nd2 Nb3 29. Nxb3 cxb3 30. Bb2 Qd7 31. Bd3 Qxa4 32. Ra1 f6 33. Bf1 Bd6 34. Qg4 Rb7 35. Rec1 f5 36. Qxf5 Rf7 37. Qg4 Rf4 38. Qg3 Ref8 39. f3 R4f6 40. Kh1 Rg6 41. Qe1 Rb8 42. Qf2 Rf6 43. Bd3 Rf7 44. Rc6 Bf8 45. Qf1 Rfb7 46. Qc1 Rb6 47. Bxa3 Bxa3 48. Qxa3 Qd4 49. Rxb6 Rxb6 50. Rd1 b2 51. d6 Rxd6 52. Bc4+ Kh8 53. Rxd4 b1Q+ 54. Kh2 Rxd4 55. Qf8# 1-0

[Event "Sharjah Masters 3rd"]
[Site "Sharjah"]
[Date "2019.03.23"]
[Round "2"]
[White "Sundararajan, Kidambi"]
[Black "Sjugirov, Sanan"]
[Result "1/2-1/2"]
[WhiteElo "2413"]
[BlackElo "2667"]
[PlyCount "70"]
[EventDate "2019.03.22"]
[EventType "swiss"]
[EventRounds "9"]
[EventCountry "UAE"]
[SourceTitle "CBM 189 Extra"]
[Source "ChessBase"]
[SourceDate "2019.06.03"]
[SourceVersion "1"]
[SourceVersionDate "2019.06.03"]
[SourceQuality "1"]

1. d4 Nf6 2. c4 g6 3. Nf3 Bg7 4. Nc3 0-0 5. e4 d6 6. Be2 Na6 7. 0-0 e5 8. Be3 c6 9. h3 exd4 10. Bxd4 Re8 11. Qc2 Nb4 12. Qd2 Nxe4 13. Nxe4 Rxe4 14. Bxg7 Kxg7 15. Qxb4 Rxe2 16. Rfe1 Rxe1+ 17. Rxe1 Qf6 18. Re8 b6 19. Qa3 c5 20. Nh2 h5 21. Nf1 a5 22. Qe3 Bb7 23. Rxa8 Bxa8 24. Qe8 Bb7 25. Qb8 Qe7 26. Ne3 f5 27. Qa7 Kh6 28. Qxb6 f4 29. Nd5 Bxd5 30. cxd5 Qe1+ 31. Kh2 Qxf2 32. Qxd6 Qg3+ 33. Kh1 Qe1+ 34. Kh2 Qg3+ 35. Kh1 Qe1+ 1/2-1/2

[Event "Mumbai Wealth op 4th"]
[Site "Mumbai"]
[Date "2019.01.05"]
[Round "7"]
[White "Srijit, Paul"]
[Black "Sundararajan, Kidambi"]
[Result "1/2-1/2"]
[WhiteElo "2298"]
[BlackElo "2458"]
[PlyCount "81"]
[EventDate "2018.12.30"]
[EventType "swiss"]
[EventRounds "9"]
[EventCountry "IND"]
[SourceTitle "CBM 188 Extra"]
[Source "ChessBase"]
[SourceDate "2019.02.26"]
[SourceVersion "1"]
[SourceVersionDate "2019.02.26"]
[SourceQuality "1"]

1. e4 e5 2. Nf3 Nc6 3. Bb5 a6 4. Ba4 Nf6 5. 0-0 Be7 6. Re1 d6 7. c3 Bg4 8. h3 Bh5 9. d3 Nd7 10. Nbd2 Nc5 11. Bc2 Ne6 12. Nf1 Ng5 13. Bxg5 Bxg5 14. Ng3 Bxf3 15. Qxf3 0-0 16. Rad1 g6 17. d4 Qf6 18. Qd3 Bh4 19. Ba4 b5 20. Bb3 Na5 21. dxe5 dxe5 22. Qd7 Rac8 23. Qg4 Bxg3 24. Qxg3 Rcd8 25. Rd5 Rxd5 26. exd5 Re8 27. Qe3 Qd6 28. Rd1 f5 29. f3 e4 30. fxe4 Rxe4 31. Qf2 Nxb3 32. axb3 Qe5 33. Qa7 Re2 34. Kh1 Rxb2 35. Qxa6 Rxg2 36. Kxg2 Qe2+ 37. Kg3 Qe3+ 38. Kg2 Qe2+ 39. Kg3 Qe3+ 40. Kg2 Qe2+ 41. Kg3 1/2-1/2

[Event "IND-ch 56th"]
[Site "Jammu"]
[Date "2018.12.17"]
[Round "12"]
[White "Sundararajan, Kidambi"]
[Black "Gusain, Himal"]
[Result "0-1"]
[WhiteElo "2458"]
[BlackElo "2379"]
[PlyCount "56"]
[EventDate "2018.12.08"]
[EventType "swiss"]
[EventRounds "13"]
[EventCountry "IND"]
[SourceTitle "CBM 187 Extra"]
[Source "ChessBase"]
[SourceDate "2018.11.04"]
[SourceVersion "1"]
[SourceVersionDate "2018.11.04"]
[SourceQuality "1"]

1. d4 d5 2. Nf3 e6 3. c4 c6 4. Nbd2 f5 5. g3 Nf6 6. Bg2 Bd6 7. 0-0 0-0 8. Ne5 b6 9. Ndf3 Bb7 10. Bf4 Ne4 11. Nd3 dxc4 12. Bxd6 Qxd6 13. Nde5 b5 14. a4 a6 15. Qc2 Nd7 16. Nxd7 Qxd7 17. b3 c3 18. b4 a5 19. Rfb1 Qd6 20. bxa5 Rxa5 21. axb5 Rxa1 22. Rxa1 cxb5 23. e3 b4 24. Ne5 Bd5 25. Bxe4 Bxe4 26. Qa4 Rc8 27. f3 Bd5 28. Qa7 Qc7 0-1

[Event "IND-ch 56th"]
[Site "Jammu"]
[Date "2018.12.14"]
[Round "9"]
[White "Sammed Jaykumar, Shete"]
[Black "Sundararajan, Kidambi"]
[Result "1/2-1/2"]
[WhiteElo "2378"]
[BlackElo "2458"]
[PlyCount "60"]
[EventDate "2018.12.08"]
[EventType "swiss"]
[EventRounds "13"]
[EventCountry "IND"]
[SourceTitle "CBM 187 Extra"]
[Source "ChessBase"]
[SourceDate "2018.11.04"]
[SourceVersion "1"]
[SourceVersionDate "2018.11.04"]
[SourceQuality "1"]

1. e4 c6 2. d4 d5 3. e5 c5 4. dxc5 Nc6 5. a3 e6 6. Nf3 Bxc5 7. b4 Bb6 8. Bb2 Nge7 9. c4 Ng6 10. Nc3 0-0 11. cxd5 Ncxe5 12. Nxe5 Nxe5 13. Be2 Qh4 14. 0-0 exd5 15. Nxd5 Ng4 16. Bxg4 Bxg4 17. Qd3 Be6 18. Nxb6 axb6 19. Rac1 Rac8 20. Qf3 Rxc1 21. Rxc1 Qg5 22. Qg3 Qxg3 23. hxg3 Rc8 24. Rxc8+ Bxc8 25. b5 Bd7 26. Bd4 Bxb5 27. Bxb6 f6 28. f3 Kf7 29. Kf2 Ke6 30. Bc5 h5 1/2-1/2

[Event "IND-ch 56th"]
[Site "Jammu"]
[Date "2018.12.12"]
[Round "7"]
[White "Saravana, Krishnan P"]
[Black "Sundararajan, Kidambi"]
[Result "1/2-1/2"]
[WhiteElo "2346"]
[BlackElo "2458"]
[PlyCount "63"]
[EventDate "2018.12.08"]
[EventType "swiss"]
[EventRounds "13"]
[EventCountry "IND"]
[SourceTitle "CBM 187 Extra"]
[Source "ChessBase"]
[SourceDate "2018.11.04"]
[SourceVersion "1"]
[SourceVersionDate "2018.11.04"]
[SourceQuality "1"]

1. e4 e5 2. Nf3 Nc6 3. Bb5 a6 4. Ba4 Nf6 5. d3 d6 6. c4 Be7 7. Nc3 0-0 8. h3 Nd7 9. Be3 Nc5 10. Bxc6 bxc6 11. d4 exd4 12. Nxd4 Bf6 13. 0-0 Bd7 14. Qd2 Re8 15. f3 a5 16. Rad1 Qb8 17. Kh1 Qb4 18. b3 Ne6 19. Rc1 Bxd4 20. Bxd4 a4 21. Be3 axb3 22. axb3 Nc5 23. Bxc5 Qxc5 24. Ra1 Qb4 25. Qc2 Be6 26. Ne2 Bd7 27. Nf4 Qc5 28. Qc3 Qg5 29. Rxa8 Rxa8 30. Ne2 c5 31. Ra1 Rxa1+ 32. Qxa1 1/2-1/2

[Event "Douglas IoM op"]
[Site "Douglas"]
[Date "2018.10.28"]
[Round "9"]
[White "Kosteniuk, Alexandra"]
[Black "Sundararajan, Kidambi"]
[Result "1-0"]
[WhiteElo "2551"]
[BlackElo "2445"]
[PlyCount "195"]
[EventDate "2018.10.20"]
[EventType "swiss"]
[EventRounds "9"]
[EventCountry "ENG"]
[SourceTitle "CBM 187"]
[Source "ChessBase"]
[SourceDate "2018.12.11"]
[SourceVersion "1"]
[SourceVersionDate "2018.12.11"]
[SourceQuality "1"]

1. e4 e6 2. d4 d5 3. exd5 exd5 4. Nf3 Bd6 5. c4 c6 6. Nc3 Ne7 7. Bd3 0-0 8. 0-0 Bc7 9. Re1 Nd7 10. cxd5 Nxd5 11. Nxd5 cxd5 12. Bg5 f6 13. Bd2 Rf7 14. Qa4 a6 15. Rac1 Bd6 16. Ba5 Qf8 17. Qb3 b6 18. Qxd5 Rb8 19. Bc4 Bb7 20. Qxf7+ Qxf7 21. Bxf7+ Kxf7 22. Bd2 Nf8 23. Be3 Bd5 24. Nd2 Ne6 25. f3 Bf8 26. b3 Bb4 27. Red1 a5 28. Ne4 Ra8 29. Nc3 Bxc3 30. Rxc3 Ke7 31. Kf2 Kd7 32. g4 h5 33. gxh5 Rh8 34. h6 g5 35. h4 Rxh6 36. hxg5 fxg5 37. Kg3 Rh8 38. Bc1 b5 39. Re1 Kd6 40. Rd3 b4 41. a3 a4 42. bxa4 Bc4 43. Rde3 b3 44. d5 Bxd5 45. Rd1 Nf4 46. Bb2 Rh4 47. Rxb3 Ne2+ 48. Kf2 Rh2+ 49. Ke3 Nf4 50. Rb6+ Kc7 51. Rb5 Re2+ 52. Kd4 Bxf3 53. Rc1+ Kd7 54. Kc4 Bd5+ 55. Kc5 Bc6 56. Rb3 Rd2 57. Rcc3 Bxa4 58. Rb7+ Ke6 59. Bc1 Rd5+ 60. Kc4 Rd6 61. Bxf4 gxf4 62. Rd3 Rc6+ 63. Kb4 Ra6 64. Rc3 Bd1 65. Rh7 Kf5 66. Rf7+ Kg5 67. Rd3 Ra4+ 68. Kb5 Be2 69. Kxa4 Bxd3 70. Kb4 Kg4 71. Kc3 Bb5 72. Kd2 Kf3 73. Rb7 Bc6 74. Rb6 Bd7 75. Rd6 Bb5 76. Rd5 Bc6 77. Rc5 Bd7 78. Ke1 Kg3 79. Rc7 Bb5 80. Rg7+ Kf3 81. Ra7 Ke3 82. a4 Bc6 83. a5 f3 84. Rf7 Bb5 85. Rf5 Ba6 86. Rf6 Bc4 87. Rf8 Bb5 88. Rf5 Ba6 89. Re5+ Kd4 90. Re6 Bc4 91. Rc6 Bb5 92. Rc2 Ba4 93. Ra2 Bc6 94. a6 Kc3 95. a7 Ba8 96. Ra6 Kb4 97. Rb6+ Kc5 98. Rb8 1-0

[Event "Douglas IoM op"]
[Site "Douglas"]
[Date "2018.10.23"]
[Round "4"]
[White "Huschenbeth, Niclas"]
[Black "Sundararajan, Kidambi"]
[Result "1/2-1/2"]
[WhiteElo "2589"]
[BlackElo "2445"]
[PlyCount "177"]
[EventDate "2018.10.20"]
[EventType "swiss"]
[EventRounds "9"]
[EventCountry "ENG"]
[SourceTitle "CBM 187"]
[Source "ChessBase"]
[SourceDate "2018.12.11"]
[SourceVersion "1"]
[SourceVersionDate "2018.12.11"]
[SourceQuality "1"]

1. e4 e5 2. Nf3 Nc6 3. Bb5 a6 4. Ba4 Nf6 5. 0-0 Be7 6. Re1 b5 7. Bb3 d6 8. c3 0-0 9. d4 Bg4 10. Be3 Bh5 11. Nbd2 Na5 12. dxe5 dxe5 13. h3 Nxb3 14. Qxb3 Bd6 15. Nh4 Nd7 16. Nf5 Re8 17. Nf1 Nc5 18. Qc2 Bf8 19. N1g3 Bg6 20. Red1 Qf6 21. c4 Ne6 22. cxb5 axb5 23. Qc6 Nc5 24. Qxf6 gxf6 25. Bxc5 Bxc5 26. Rd5 Bb6 27. a3 c6 28. Rd6 Re6 29. Rd7 Bc5 30. Kf1 Bf8 31. Ke2 c5 32. Ne3 c4 33. Rad1 h5 34. Ngf5 c3 35. bxc3 Bxa3 36. Rd8+ Rxd8 37. Rxd8+ Kh7 38. Rb8 Rc6 39. Nd5 Bxf5 40. exf5 Kh6 41. h4 Bb2 42. Kd3 Rc5 43. Nxf6 Rxc3+ 44. Kd2 Rc6 45. Ne4 Rc4 46. f3 b4 47. g3 Kg7 48. Rb7 Bc1+ 49. Ke2 Rd4 50. Rb6 Ba3 51. Nf6 Kf8 52. Nxh5 e4 53. fxe4 Rxe4+ 54. Kd3 Rg4 55. Rb7 Bb2 56. Ke2 Be5 57. Rb5 f6 58. Kf3 Rc4 59. Rb7 Rc3+ 60. Kg4 Rc4+ 61. Kh3 Rd4 62. Kg2 Rc4 63. Kf3 Rc3+ 64. Kg4 Rc4+ 65. Nf4 Bxf4 66. gxf4 Kg8 67. Kh5 Rxf4 68. Kg6 Rg4+ 69. Kxf6 Rxh4 70. Rb8+ Kh7 71. Ke7 Rc4 72. Rb7 Rc8 73. Rxb4 Rc7+ 74. Kf6 Rc6+ 75. Ke7 Rc7+ 76. Kd6 Ra7 77. Re4 Kg8 78. Ke6 Kf8 79. Kf6 Rf7+ 80. Kg6 Rg7+ 81. Kf6 Rf7+ 82. Kg5 Rg7+ 83. Kf4 Ra7 84. Re6 Kf7 85. Kg5 Ra1 86. Rf6+ Kg7 87. Rg6+ Kf7 88. Rb6 Rg1+ 89. Kf4 1/2-1/2

[Event "Douglas IoM op"]
[Site "Douglas"]
[Date "2018.10.21"]
[Round "2"]
[White "Nakamura, Hikaru"]
[Black "Sundararajan, Kidambi"]
[Result "1-0"]
[WhiteElo "2763"]
[BlackElo "2445"]
[PlyCount "81"]
[EventDate "2018.10.20"]
[EventType "swiss"]
[EventRounds "9"]
[EventCountry "ENG"]
[SourceTitle "CBM 187"]
[Source "ChessBase"]
[SourceDate "2018.12.11"]
[SourceVersion "1"]
[SourceVersionDate "2018.12.11"]
[SourceQuality "1"]

1. c4 e5 2. Nc3 d6 3. g3 Nc6 4. Bg2 Be6 5. d3 Qd7 6. Nd5 Nge7 7. Bd2 Nd8 8. e4 c6 9. Nc3 g6 10. h4 h6 11. f4 Bg7 12. Nge2 Bg4 13. Be3 Ne6 14. Qd2 Nd4 15. 0-0 Bh3 16. Bxd4 exd4 17. Nd1 Bxg2 18. Kxg2 f5 19. Nf2 0-0 20. h5 Qe6 21. hxg6 Qxg6 22. Rh1 Rae8 23. Rae1 a6 24. g4 d5 25. Ng3 dxe4 26. dxe4 fxe4 27. Rxe4 Nc8 28. f5 Qg5 29. Qxg5 hxg5 30. Rxe8 Rxe8 31. Nge4 Nb6 32. f6 Bf8 33. Nxg5 Re5 34. Nfe4 Nxc4 35. Rh7 Bb4 36. Rg7+ Kf8 37. Rxb7 Rb5 38. Ne6+ Kg8 39. Rg7+ Kh8 40. Nf4 Ne5 41. Ng5 1-0

[Event "Douglas IoM op"]
[Site "Douglas"]
[Date "2018.10.20"]
[Round "1"]
[White "Sundararajan, Kidambi"]
[Black "Kramnik, Vladimir"]
[Result "1/2-1/2"]
[WhiteElo "2445"]
[BlackElo "2779"]
[PlyCount "153"]
[EventDate "2018.10.20"]
[EventType "swiss"]
[EventRounds "9"]
[EventCountry "ENG"]
[SourceTitle "CBM 187"]
[Source "ChessBase"]
[SourceDate "2018.12.11"]
[SourceVersion "1"]
[SourceVersionDate "2018.12.11"]
[SourceQuality "1"]

1. c4 Nf6 2. Nc3 e5 3. e3 Nc6 4. a3 g6 5. d4 d6 6. Nf3 Bg7 7. Be2 0-0 8. 0-0 e4 9. Nd2 Re8 10. b4 h5 11. b5 Na5 12. Bb2 Bf5 13. Nd5 c5 14. bxc6 Nxc6 15. Qb3 b6 16. Bc3 Rc8 17. a4 h4 18. a5 Nxa5 19. Bxa5 bxa5 20. Nxf6+ Bxf6 21. Qc3 Rc5 22. Qa3 Rc7 23. Qxa5 Bg7 24. Rfc1 Qe7 25. Nb1 Rb8 26. Nc3 Rcb7 27. h3 Bc8 28. Rcb1 f5 29. Rxb7 Rxb7 30. Rb1 Rxb1+ 31. Nxb1 Bf8 32. Nc3 Qb7 33. Qd8 Be6 34. Nd5 Bxd5 35. cxd5 Kg7 36. Qa5 Be7 37. Qb5 Qc8 38. Qc6 Qd8 39. Bb5 a5 40. Qd7 Qf8 41. Qc7 Kh6 42. Qxa5 Bg5 43. Qc3 f4 44. exf4 Qxf4 45. Bd7 Qf7 46. Be6 Qa7 47. g3 hxg3 48. Qxg3 Qxd4 49. h4 Bc1 50. Kg2 Qf6 51. Qg4 Bf4 52. h5 gxh5 53. Qf5 Qg6+ 54. Qxg6+ Kxg6 55. Bd7 Kg5 56. Be8 Be5 57. Bf7 h4 58. Be6 Kf4 59. Bd7 Bd4 60. Bc8 Bc5 61. Be6 Ke5 62. Kf1 Bb6 63. Kg2 Kd4 64. Kf1 Kd3 65. Bf5 Kd4 66. Be6 Kc4 67. Ke2 Kc3 68. Bf5 Kd4 69. Be6 Ke5 70. Kf1 Kf4 71. Kg2 Ba7 72. Bd7 Ke5 73. Be6 Bc5 74. Kf1 h3 75. Bxh3 Kxd5 76. Ke2 Ke5 77. f3 1/2-1/2

[Event "Commonwealth-ch"]
[Site "New Delhi"]
[Date "2018.07.02"]
[Round "8"]
[White "Sundararajan, Kidambi"]
[Black "Mahalakshmi, Muganda Kumar"]
[Result "1-0"]
[WhiteElo "2425"]
[BlackElo "2238"]
[PlyCount "75"]
[EventDate "2018.06.26"]
[EventType "swiss"]
[EventRounds "9"]
[EventCountry "IND"]
[SourceTitle "CBM 185 Extra"]
[Source "ChessBase"]
[SourceDate "2018.07.29"]
[SourceVersion "1"]
[SourceVersionDate "2018.07.29"]
[SourceQuality "1"]

1. d4 Nf6 2. c4 b6 3. Nc3 Bb7 4. Nf3 e6 5. a3 d5 6. cxd5 exd5 7. g3 Bd6 8. Bg2 0-0 9. 0-0 a6 10. Nh4 Re8 11. Bg5 Bf8 12. Qb3 c6 13. e4 dxe4 14. Bxf6 gxf6 15. Nxe4 Nd7 16. Rfe1 c5 17. Rad1 Qc7 18. dxc5 Bxe4 19. Bxe4 Nxc5 20. Qc2 Rad8 21. Bxh7+ Kh8 22. Bf5 Rxd1 23. Rxd1 Qe5 24. Qc4 Ne6 25. Rd7 Qe1+ 26. Kg2 Bc5 27. Bxe6 Qxe6 28. Qxe6 Rxe6 29. b4 Bd6 30. Rxf7 a5 31. Nf5 Be5 32. bxa5 bxa5 33. Kf3 Rb6 34. Ra7 Rb3+ 35. Kg4 Rxa3 36. Kh5 Rb3 37. Kg6 Rb8 38. Nh6 1-0

[Event "Commonwealth-ch"]
[Site "New Delhi"]
[Date "2018.06.29"]
[Round "4"]
[White "Jubin, Jimmy"]
[Black "Sundararajan, Kidambi"]
[Result "0-1"]
[WhiteElo "2113"]
[BlackElo "2425"]
[PlyCount "58"]
[EventDate "2018.06.26"]
[EventType "swiss"]
[EventRounds "9"]
[EventCountry "IND"]
[SourceTitle "CBM 185 Extra"]
[Source "ChessBase"]
[SourceDate "2018.07.29"]
[SourceVersion "1"]
[SourceVersionDate "2018.07.29"]
[SourceQuality "1"]

1. d4 Nf6 2. c4 g6 3. f3 Bg7 4. e4 0-0 5. Ne2 d6 6. Nec3 Nc6 7. Be3 e5 8. d5 Nd4 9. Ne2 c5 10. dxc6 bxc6 11. Nxd4 exd4 12. Bxd4 d5 13. Be2 dxe4 14. 0-0 Qe7 15. Qc1 c5 16. Bc3 e3 17. Na3 Re8 18. Re1 Bb7 19. Bf1 Bh6 20. Qc2 Nh5 21. g3 Bxf3 22. Bg2 Bxg2 23. Qxg2 e2 24. Qf3 Rad8 25. Kf2 Be3+ 26. Kg2 Bd2 27. Bxd2 Rxd2 28. b3 Qe5 29. Nb5 Qxa1 0-1